| 000 | 00341nam a2200145Ia 4500 | ||
|---|---|---|---|
| 008 | 230312s9999||||xx |||||||||||||| ||und|| | ||
| 020 | _a0-619-06204-5 | ||
| 082 |
_a005.268 _bZAK-V |
||
| 100 | _aHart;Kelly | ||
| 245 | 0 | _aDreamweaver MX 2004 | |
| 260 |
_bThomson _aUSA _c2001 |
||
| 300 | _a935 | ||
| 650 |
_aComputer _vComputer |
||
| 942 | _cBK | ||
| 999 |
_c15585 _d15585 |
||